| 000 | 01150nam a2200349 i 4500 | ||
|---|---|---|---|
| 001 | 000007993 | ||
| 003 | DO-SdBNP | ||
| 005 | 20250626095148.0 | ||
| 007 | ta | ||
| 008 | 090914s2002 dr ac 001 0 spa d | ||
| 020 | _a9993486450 | ||
| 040 |
_aDO-SdBNP _bspa _cBNPHU _erda |
||
| 041 | _aspa | ||
| 049 | _aBNPD | ||
| 082 | 4 |
_a338.1 _bO89p _222 |
|
| 100 |
_aOttenwalder, Facundo, _d1943- _eautor _4aut. _921848 |
||
| 245 | 1 | 3 |
_aLa pecuaria dominicana / _cFacundo Ottenwalder ; prólogo, José Rafael Vargas. |
| 264 | 1 |
_aSanto Domingo : _bLetra Gráfica, _c2002. |
|
| 300 |
_a204 páginas : _bilustraciones, retratos ; _c22 cm. |
||
| 336 |
_atexto _btxt _2rdacontent |
||
| 337 |
_asin mediación _bnc _2rdamedia |
||
| 338 |
_avolumen _bn _2rdacarrier |
||
| 500 | _aIncluye datos biográficos del autor en la contracubierta. | ||
| 504 | _aBibliografía : páginas 197-204 | ||
| 590 | _aInventariado, 2023/BT | ||
| 650 | 4 |
_aGanadería _zRepública Dominicana _91548 |
|
| 650 | 4 |
_aGanado vacuno _921849 |
|
| 650 | 4 |
_aFerias ganaderas _921850 |
|
| 700 | 1 |
_aVargas, José Rafael, _eprologuista _4pr. _921851 |
|
| 910 | _aBtavárez | ||
| 942 |
_2ddc _cLBS1 |
||
| 999 |
_c7770 _d7770 |
||